| 000 | 02099 a2200229 4500 | ||
|---|---|---|---|
| 001 | 40208 | ||
| 005 | 20260407155657.0 | ||
| 008 | 260407a1965 arg spa d | ||
| 003 | AR-UNSa-BCEJYS | ||
| 040 |
_aAR-UNSa-BCEJYS _bspa _cAR-UNSa-BCEJYS |
||
| 080 |
_a517.1 _xIntroducción al análisis. (Cálculo) |
||
| 245 | 1 | 0 | _aCalculus |
| 264 | 1 |
_aBarcelona : _bReverté _c1965 |
|
| 300 |
_a2 v. (575; vii, 656 p.) _c22 cm. |
||
| 505 | _aVol. 1: 1. Cálculo integral: Parte I: El método de Arquímedes: Suplemento A. Un conjunto de axiomas para el sistema de números reales – Suplemento B. Inducción matemática, símbolos sumatorias y cuestiones relacionadas – Parte II: El concepto de cálculo integral: suplemento C. Demostración de las propiedades básicas de la integral – 2. Cálculo diferencial: Suplemento A. Algunos teoremas básicos sobre límites y funciones continuas – 3. Función logaritmo, función exponencial y funciones trigonométricas inversas – 4. Introducción a las ecuaciones diferenciales – 5. Álgebra vectorial con aplicaciones a la geometría analítica – 6. Curvas y superficies: Suplemento A. Longitud de un arco – 7. El teorema del valor medio y sus generalizaciones – 8. Aplicaciones del teorema del valor medio: Parte I: Problemas de extremos – Parte II: Formas indeterminadas – 9. Sucesiones, series infinitas, integrales impropias – Vol. 2: 1. Funciones de conjunto y probabilidad elemental: Parte I: Funciones de conjunto – Parte II: Teoría elemental de probabilidades – 2. Integración múltiple – 3. Introducción al cálculo de probabilidades – 4. Cálculo diferencial de campos escalares – 5. Integrales de línea – 6. Integrales de superficie – 7. Ecuaciones diferenciales lineales: Suplemento A. Números complejos – 8. Introducción al análisis numérico – 9. Teoremas de existencia para ecuaciones diferenciales - | ||
| 041 | _aspa | ||
| 942 | _cBK | ||
| 590 | _aniveau_biblio:m niveau_hierar:0 | ||
| 100 | 1 | _aApostol, Tom Mike | |
| 700 | 1 | _aXufré, Griselda Pascual | |
| 700 | 1 | _aLinés Escardó, Enrique | |
| 999 |
_c3187 _d3187 |
||